Vieilles photos de personnalités (2) - Statistiques

Statistiques générales
  • Ce quiz a été pris 179 fois
  • Le résultat moyen est 10 sur 20
Statistiques - réponses
Par images Réponse % Correct
Francis {Cabrel}
92%
Eddy {Mitchell}
83%
Tino {Rossi}
83%
Marguerite {Duras}
73%
Petula {Clark}
67%
Marie {Laforêt}
62%
Yvette {Horner}
61%
Françoise {Sagan}
58%
Yves {Duteil}
52%
William {Sheller}
51%
Bernard {Lavilliers}
49%
Marie-Paule {Belle}
45%
Philippe {Lavil}
33%
{Antoine}
32%
Jean {Yanne}
30%
Georges {Moustaki}
29%
Alice {Dona}
27%
Blaise {Cendrars}
23%
Jean {Sablon}
8%
Pierre {Boulez}
1%
Aucun quiz correspondant
Distribution des résultats
% des personnes avec chaque résultat
Percentile par nombre de réponses
Votre historique - résultats
Vous n’avez pas pris ce quiz